Central Library OPAC University of Rajshahi

British policy in changing Africa / (Record no. 41931)

MARC details
000 -LEADER
fixed length control field 00673nam a2200229 a 4500
001 - CONTROL NUMBER
control field 41931
003 - CONTROL NUMBER IDENTIFIER
rucl marc code BD-RjUL
005 - DATE AND TIME OF LATEST TRANSACTION
control field 20211209053454.0
008 - FIXED-LENGTH DATA ELEMENTS--GENERAL INFORMATION
fixed length control field 160607r19601959enk 00100 eng d
035 ## - SYSTEM CONTROL NUMBER
System control number (BD-RjUL)42049
System control number 866970
040 ## - CATALOGING SOURCE
Original cataloging agency ANL
Language of cataloging eng
Modifying agency ANL
Transcribing agency BD-RjUL
041 ## - LANGUAGE CODE
Language code of text/sound track or separate title eng
082 ## - DEWEY DECIMAL CLASSIFICATION NUMBER
Classification number 325.342096
Author mark and year COB 1960
100 1# - MAIN ENTRY--PERSONAL NAME
Personal name Cohen, A. B.
Fuller form of name (Andrew Benjamin),
Dates associated with a name 1909-
9 (RLIN) 128871
245 10 - TITLE STATEMENT
Title British policy in changing Africa /
Statement of responsibility, etc. A. B. Cohen
260 ## - PUBLICATION, DISTRIBUTION, ETC. (IMPRINT)
Place of publication, distribution, etc. London :
Name of publisher, distributor, etc. Routledge & K. Paul,
Date of publication, distribution, etc. 1959 [Reprinted 1960]
300 ## - PHYSICAL DESCRIPTION
Pagination x, 118 p. ;
Size 23 cm.
500 ## - GENERAL NOTE
General note Includes index
651 #0 - SUBJECT ADDED ENTRY--GEOGRAPHIC NAME
Geographic name Great Britain
General subdivision Colonies
Geographic subdivision Africa.
9 (RLIN) 128872
942 ## - ADDED ENTRY ELEMENTS (KOHA)
Source of classification or shelving scheme Dewey Decimal Classification
Koha item type Books
Holdings
Lost status Source of classification or shelving scheme Damaged status Not for loan Collection code Permanent Location Current Location Shelving location Date acquired Source of acquisition Cost, normal purchase price Total Checkouts Full call number Date last seen Copy number Koha item type
  Dewey Decimal Classification     Non-fiction Central Library, University of Rajshahi Central Library, University of Rajshahi   07/06/2016 Sweets ana Zait. 12.00   325.342096 COB 1960 07/06/2016 C-2 Books